Normal view
MARC view
Entry Topical Term
001 - CONTROL NUMBER
- control field: 35026
003 - CONTROL NUMBER IDENTIFIER
- control field: ARRUPE
005 - DATE AND TIME OF LATEST TRANSACTION
- control field: 20170822105922.0
008 - FIXED-LENGTH DATA ELEMENTS
- fixed length control field: 170822|| aca||aabn | a|a d
040 ## - CATALOGING SOURCE
- Original cataloging agency: ARRUPE
- Transcribing agency: ARRUPE
150 ## - HEADING--TOPICAL TERM
- Topical term or geographic name as entry element: School discipline
670 ## - SOURCE DATA FOUND
- Source citation: Work cat.: (ARRUPE): Howell, Robert G. 35025, Discipline in the classroom, 1979